02030cam a22003857i 4500999001900000001000900019003000500028005001700033008004100050010001700091020001800108038001100126040002300137042000800160050002400168082001700192100002400209245003900233264004500272300004500317336002600362337002800388338002700416500002000443500003800463505059600501650004301097700004001140856010601180856009101286856009201377906004501469942001201514952011801526 c527033d52703317317248NUST20190720085245.0120524s2010 ii a 001 0 eng  a 2012419295 a9789386314680 aArshad aDLCbengerdacDLC apcc00aMLCM 2016/40713 (Q) a005.133bGAU1 aGautam, Anju91803410aPROGRAMMING IN JAVA /cAnju Gautam 1aNew Delhi :bRandom Publications,c2017. axvi, 296 pages :billustrations ;c25 cm atextbtxt2rdacontent aunmediatedbn2rdamedia avolumebnc2rdacarrier aIncludes index. a"OXFORD HIGHER EDUCATION"--Cover.0 aChapter 1. Introduction to OOP -- Chapter 2. Getting started with Java -- Chapter 3. Java programming constructs -- Chapter 4. Classes and objects -- Chapter 5. Inheritance -- Chapter 6. Interfaces, packages, and enumeration -- Chapter 7. Exception, assertions, and logging -- Chapter 8. Multithreading in Java -- Chapter 9. Input/output, serialization -- Chapter 10. Java.util and generics -- Chapter 11. Network programming -- Chapter 12. Applet -- Chapter 13. Event handling in Java -- Chapter 14. Abstract window toolkit -- Chapter 15. Swing -- Chapter 16. Introduction to advanced Java. 0aJava (Computer program language)980171 aChoudhary, Saurabh,eauthor.918105423Contributor biographical informationuhttp://www.loc.gov/catdir/enhancements/fy1604/2012419295-b.html423Publisher descriptionuhttp://www.loc.gov/catdir/enhancements/fy1604/2012419295-d.html413Table of contents onlyuhttp://www.loc.gov/catdir/enhancements/fy1604/2012419295-t.html a7bcbccorigresd4encipf20gy-gencatlg 2ddccBK 00102ddc4070aNQCbNQCcCARTd2019-07-18ePurchasedg0.00l0o005.133 GAUpQ-82r2019-07-18t1w2019-07-18yBK